60 Random Missing Countries on the World Map - Statistics

General Stats
  • This quiz has been taken 696 times
  • The average score is 57 of 60
Answers on the Map
Answers color-coded by a green-red scale on the quiz's map according to % correct below.
 
Answer Stats
Country % Correct
Argentina
100%
Armenia
100%
Belarus
100%
Canada
100%
Chile
100%
China
100%
Colombia
100%
Costa Rica
100%
Denmark
100%
Finland
100%
France
100%
Germany
100%
India
100%
Italy
100%
Kazakhstan
100%
Kenya
100%
Mexico
100%
Pakistan
100%
Peru
100%
Russia
100%
Slovenia
100%
South Africa
100%
Switzerland
100%
Ukraine
100%
United States
100%
Belgium
99%
Gabon
99%
Mongolia
99%
Sudan
99%
Afghanistan
98%
Algeria
98%
Australia
98%
Bolivia
98%
Botswana
98%
Brazil
98%
Cambodia
98%
Chad
98%
Croatia
98%
Egypt
98%
Estonia
98%
Guatemala
98%
Honduras
98%
Liberia
98%
Lithuania
98%
Maldives
98%
Myanmar
98%
Namibia
98%
Nepal
98%
Netherlands
98%
Nigeria
98%
North Korea
98%
Norway
98%
Panama
98%
Poland
98%
South Sudan
98%
Spain
98%
Sweden
98%
Togo
98%
United Kingdom
98%
Venezuela
98%
Zambia
98%
Bhutan
97%
Bosnia and Herzegovina
97%
Czech Republic
97%
D. R. Congo
97%
Ecuador
97%
Ethiopia
97%
Ghana
97%
Greece
97%
Guyana
97%
Hungary
97%
Indonesia
97%
Japan
97%
Mali
97%
Mauritania
97%
Morocco
97%
Niger
97%
North Macedonia
97%
Paraguay
97%
Romania
97%
Rwanda
97%
Slovakia
97%
Syria
97%
Thailand
97%
Tunisia
97%
Turkey
97%
Turkmenistan
97%
Uruguay
97%
Austria
96%
Bulgaria
96%
Burkina Faso
96%
Central African Republic
96%
São Tomé and Príncipe
96%
Eswatini
96%
Guinea
96%
Iraq
96%
Ireland
96%
Ivory Coast
96%
Latvia
96%
Malta
96%
Mozambique
96%
Nicaragua
96%
Saudi Arabia
96%
Taiwan
96%
Tanzania
96%
Uganda
96%
Uzbekistan
96%
Vietnam
96%
Haiti
95%
Iran
95%
Jordan
95%
Kiribati
95%
Kosovo
95%
Laos
95%
Libya
95%
Montenegro
95%
Oman
95%
Serbia
95%
Somalia
95%
South Korea
95%
Suriname
95%
Yemen
95%
Zimbabwe
95%
Azerbaijan
94%
Benin
94%
Cameroon
94%
Cape Verde
94%
Dominican Republic
94%
Jamaica
94%
Kyrgyzstan
94%
Republic of the Congo
94%
Seychelles
94%
Albania
93%
Cuba
93%
Eritrea
93%
F. S. Micronesia
93%
Israel
93%
Moldova
93%
Papua New Guinea
93%
Samoa
93%
United Arab Emirates
93%
Angola
92%
Bahamas
92%
Bangladesh
92%
Georgia
92%
Iceland
92%
Portugal
92%
Senegal
92%
Sierra Leone
92%
Sri Lanka
92%
Tajikistan
92%
Burundi
91%
Cyprus
91%
Djibouti
91%
Equatorial Guinea
91%
Gambia
91%
Malaysia
91%
Philippines
91%
Solomon Islands
91%
Tonga
91%
El Salvador
90%
Kuwait
90%
Lesotho
90%
Malawi
90%
Marshall Islands
90%
Tuvalu
90%
Vanuatu
90%
Madagascar
89%
Mauritius
89%
New Zealand
89%
Palau
88%
Qatar
87%
Belize
86%
Comoros
86%
Fiji
86%
Guinea-Bissau
86%
Nauru
86%
Lebanon
83%
No matching quizzes found
Score Distribution
Percent of People with Each Score
Percentile by Number Answered
Your Score History
You have not taken this quiz